Là-bas part.2, Yoa paroles - Statistiques

Statistiques générales
  • Ce quiz a été pris 15 fois
  • Le résultat moyen est 391 sur 408
Statistiques - réponses
Réponse % Correct
à
100%
amants
100%
amour,
100%
amour
100%
amour?
100%
attends-moi
100%
Attends-moi
100%
au
100%
ce
100%
C'est
100%
c'est
100%
chemin
100%
chez
100%
comme
100%
Comme
100%
cuisine?
100%
dans
100%
Dans
100%
de
100%
des
100%
doigts
100%
dois
100%
du
100%
en
100%
encore
100%
enfants"
100%
faire
100%
gros
100%
j'ai
100%
J'ai
100%
je
100%
Je
100%
"je
100%
j'le
100%
j'te
100%
J'te
100%
la
100%
là-bas?
100%
là-bas
100%
le
100%
les
100%
ma
100%
me
100%
mes
100%
métro
100%
moi
100%
Mon
100%
mon
100%
ni
100%
nous
100%
nous?
100%
nous,
100%
nuit
100%
Pacifique?
100%
parents
100%
Paris
100%
partout
100%
pas
100%
plaire
100%
plus
100%
porterai
100%
pour
100%
prends
100%
promesses
100%
prouver
100%
qu'a
100%
qu'allons
100%
Qu'allons
100%
Qu'allons-nous
100%
qu'allons-nous
100%
quand
100%
que
100%
qu'en
100%
qui
100%
quitté
100%
sais
100%
sans
100%
Sans
100%
sous
100%
ta
100%
Ta
100%
T'as
100%
te
100%
tenir?
100%
terre
100%
t'es
100%
tes
100%
tout
100%
traînent
100%
trucs
100%
vers
100%
vois
100%
voulu
100%
voyage
100%
amoureuse
90%
ans
90%
bonne
90%
cherche
90%
couloirs
90%
dis
90%
été
90%
fait
90%
faute
90%
ferme
90%
jamais
90%
J'me
90%
jouis
90%
j'suis
90%
l'alarme,
90%
loin
90%
loser
90%
Maintenant
90%
Mais
90%
mal
90%
Même
90%
montrer
90%
On
90%
on
90%
partant
90%
plaît
90%
pleure
90%
pote
90%
pris
90%
Protège
90%
protège
90%
sali
90%
savoir
90%
sens
90%
si
90%
Si
90%
soirs
90%
solitude
90%
sonné
90%
S'te
90%
t'aime",
90%
temps
90%
ton
90%
tu
90%
un
90%
vingt
90%
ça
80%
cœur
80%
colère
80%
con
80%
c'que
80%
décisions
80%
d'être
80%
envie
80%
essaye
80%
ferai
80%
haïr
80%
heureuse,
80%
homme
80%
j'avais
80%
j'en
80%
n'appartient
80%
nombre
80%
pardons
80%
pense
80%
poison
80%
prendre
80%
qu'il
80%
reste
80%
s'additionne
80%
souvenirs
80%
T'avais
80%
toi
80%
tous
80%
vrai
80%
fond
70%
j'écris,
70%
l'temps
70%
portes
70%
qu'au
70%
regretterais
70%
Donnez-moi
60%
pouvoir
60%
veux
60%
Aucun quiz correspondant
Distribution des résultats
% des personnes avec chaque résultat
Percentile par nombre de réponses
Votre historique - résultats
Vous n’avez pas pris ce quiz